Multiple Choice City Quiz – Hong Kong - Statistics

General Stats
  • This quiz has been taken 14,835 times
    14,796 since last reset
  • The average score is 7 of 10
Answer Stats
Question Answer % Correct
When was Hong Kong handed back to China from British rule? 1997
84%
What conflict led to Hong Kong becoming a British colony? The Opium Wars
80%
What is the primary language spoken in Hong Kong? Cantonese
78%
Who died of mysterious causes in Hong Kong in 1973? Bruce Lee
77%
Which is the currency of Hong Kong? Hong Kong Dollar
76%
What city, known as "China's Silicon Valley", is found on the northern border of Hong Kong? Shenzhen
75%
Which of these pictures depicts Hong Kong?
73%
What peninsula is located just north of Hong Kong Island and today forms an important part of the urban core? Kowloon
70%
What is the highest point on Hong Kong Island? Victoria Peak
65%
What major river flows into the South China Sea near Hong Kong? Pearl River
52%
No matching quizzes found
Score Distribution
Percent of People with Each Score
Percentile by Number Answered
Your Score History
You have not taken this quiz since the last reset